Writing and sence of self: identity negotiation in writing workshops
שמור ב:
| מחבר ראשי: | |
|---|---|
| פורמט: | ספר |
| שפה: | אנגלית |
| יצא לאור: |
Urbana
National Council of Teachers of English
1991
|
| נושאים: | |
| תגים: |
הוספת תג
אין תגיות, היה/י הראשונ/ה לתייג את הרשומה!
|
MARC
| LEADER | 00000nam a2200000 a 4500 | ||
|---|---|---|---|
| 001 | UCX9523 | ||
| 003 | CL-VaPUC | ||
| 008 | 940613e19910000US |||||||||||||||||eng|d | ||
| 082 | 0 | 4 | |a 808.042 |b BRO |2 21 |
| 100 | 0 | |a Brooke, Robert E |e author |9 326943 | |
| 245 | 1 | 0 | |a Writing and sence of self: identity negotiation in writing workshops |
| 300 | |a 166 p | ||
| 942 | |c BK | ||
| 945 | |d 19940613 00:00:00 |a rbrito | ||
| 260 | |a Urbana |b National Council of Teachers of English |c 1991 | ||
| 650 | 7 | |a INGLES RETORICA |2 CL-VaPUC |9 318265 | |
| 650 | 7 | |a INGLES EJERCICIOS DE REDACCION |2 CL-VaPUC |9 316744 | |
| 583 | |a last modification |c 19940613 00:00:00 |k Rodrigo Vera | ||
| 999 | |c 228735 |d 228733 | ||
| 952 | |0 0 |1 0 |4 0 |6 808_042000000000000_BRO_1991 |7 0 |8 A |9 229125 |a BIBEDU |b BIBEDU |d 2019-11-15 |i 2978857 |o 808.042 BRO 1991 |p 2978857 |r 2019-11-15 |w 2019-11-15 |y BK |k LIT | ||